Loading...
| Current Events | 1 | 30.00 | 100% | 100% | 100% |
| Fine Arts - Classical Music | 3 | 3.33 | 33% | 0% | 0% |
| Fine Arts - Other | 2 | 10.00 | 50% | 50% | 0% |
| Fine Arts - Painting and Sculpture | 3 | 3.33 | 0% | 33% | 0% |
| Geography | 2 | 10.00 | 50% | 50% | 0% |
| History - American | 1 | 10.00 | 100% | 0% | 0% |
| History - European | 3 | 13.33 | 100% | 33% | 0% |
| History - Other | 3 | 10.00 | 100% | 0% | 0% |
| Literature - American | 2 | 10.00 | 50% | 50% | 0% |
| Literature - European | 2 | 5.00 | 50% | 0% | 0% |
| Literature - World | 2 | 5.00 | 50% | 0% | 0% |
| Mythology | 3 | 20.00 | 100% | 33% | 67% |
| Philosophy | 3 | 10.00 | 100% | 0% | 0% |
| Pop Culture | 1 | 20.00 | 100% | 100% | 0% |
| Religion | 2 | 15.00 | 100% | 50% | 0% |
| Science - Biology | 3 | 6.67 | 67% | 0% | 0% |
| Science - Chemistry | 3 | 13.33 | 100% | 33% | 0% |
| Science - Other | 5 | 8.00 | 80% | 0% | 0% |
| Science - Physics | 2 | 10.00 | 50% | 50% | 0% |
| Social Science | 4 | 5.00 | 50% | 0% | 0% |